| 000 | 008260000a22002290004500 | ||
|---|---|---|---|
| 999 |
_c48954 _d48954 |
||
| 001 | 1797 | ||
| 003 | CO-MdFUSB | ||
| 005 | 20180410180929.0 | ||
| 008 | 180410b xxu||||| |||| 00| 0 eng d | ||
| 020 | _a978-84-204-7183-9 | ||
| 040 | _cCO-MdBIC | ||
| 082 | 0 | 4 | _a863N G165c |
| 100 | 1 | _aGarcía Márque,Gabriel | |
| 245 | 1 | 0 | _aCien años de soledad / Gabriel García Márquez |
| 250 | _aEdición conmemorativa | ||
| 260 | _aMadrid : Real Academia Española, Asociación de Academias de la Lengua Española , 2007 | ||
| 300 | _a609 P. | ||
| 500 | _aEdición Conmemorativa de los cuarenta años de publicación de la obra y de los ochenta años del escrito, Presenta el árbol genealógico de los Buendía | ||
| 505 | 0 | 0 | _aIncluye bibliografía, Incluye glosario y nombres |
| 650 | 1 | 4 | _aNovela colombiana |
| 942 | _cLGB | ||